000 00453nam a2200169Ia 4500
005 20250326130452.0
008 250326s9999 xx 000 0 und d
037 _aTextbook
040 _aFMSL
_beng
_cFMSL
041 _aeng
_2eng
084 _aX:74 Q2
_qFMSL
100 _aAsheim B T Ed.
_9740646
245 0 _aInteractive learning for innovation
_cAsheim B T Ed.
260 _c2012
942 _cTB
_hX:74 Q2
999 _c1282630
_d1282630